Manik kristal

Bibliographic Details
Format: Book
Published: KL : SynergyMedia , [s.n]
Subjects:

MARC

LEADER 00000cam a2200000 7i4500
001 0000062057
005 20160329.0
008 160329
020 |a 9789673716784 
090 0 0 |a 746.6   |b MAN 
245 1 0 |a Manik kristal 
260 |a KL :   |b SynergyMedia ,   |c [s.n] 
650 0 |a Beads   |x Handicraft 
999 |a 0001195862   |b Book   |c Adult Collection   |e Cawangan Taman Sri Lambak 
999 |a 0001195864   |b Book   |c Adult Collection   |e Cawangan Kota Tinggi 
999 |a 0001195865   |b Book   |c Adult Collection   |e Cawangan Bandar Penawar 
999 |a 0001195867   |b Book   |c Adult Collection   |e Cawangan Tangkak 
999 |a 0001395866   |b Book   |c Adult Collection   |e Cawangan Bukit Gambir